00548nam a2200157 a 4500008004100000110002800041245011600069260007400185300002000259440004600279650002200325650001600347003000100363005001700364040000900381  aUniversity for peace. 10aThe role of the Media in the Rwandan genocidebteacher's guide for an academic course 1/cUniversity for peace. aUniversity for peace :bInstitute For Media,Peace and Security,c2005 a324p. ;c24 cm. aThe role of media in the Rwandan genocide aGenocidexRwanda. 1aMass Media.20230123124930.0 cNUST